000 00502pam a2200181 a 4500
020 _a978044
_c4499.00
041 _aeng
_hNULL
082 _a618
_bGRE/PIE
100 _aGREEN T..A.,PIEREY C.N. .
245 _aMATERNAL MEDICINE : MEDICAL PROBLEMS IN PREGNANCY /
_cNULL.
_hTextual Documents
260 _aNULL :
_bCHURCHILL LIV ,
_c2007.
300 _a367 : :
_bXII ; ;
_cA4 . +
_ePB.
365 _a4499.00
700 _a .
_a .
930 _a2581
999 _c797116
_d797116
650 _aOBST.GYNE